| 000 | 00816nam a2200205 a 4500 | ||
|---|---|---|---|
| 001 | 000040708 | ||
| 005 | 20201002034324.0 | ||
| 008 | 130905s2011 sp 000 0 spa d | ||
| 020 | _a9788484896197 | ||
| 245 | 0 | 0 |
_aEscribir después de la dictadura : _bla producción literaria y cultural en las posdictaduras de Europa e Hispanoamérica / _ceditor Janett Reinstädler. |
| 260 |
_aMadrid : _bIberoamericana ; Frankfurt am Main : Vervuert, _c2011. |
||
| 300 |
_a372 p. : _bil. ; _c23 cm. |
||
| 490 | 1 |
_aBibliotheca Ibero-Americana _v143 |
|
| 504 | _aBibliografía : | ||
| 504 | _aIncluye referencias bibliográficas y notas al pie de las páginas | ||
| 700 | 1 |
_aReinstädler, Janett, _967090 |
|
| 700 | 1 |
_aed Reinstädler, Janett, _967091 |
|
| 830 | 0 |
_aBibliotheca Ibero-Americana _n143 _967092 |
|
| 999 |
_c40198 _d40198 |
||
| 040 | _aDO-SdBNP | ||